<?xml version="1.0" encoding="UTF-8"?>
<record
    xmlns:xsi="http://www.w3.org/2001/XMLSchema-instance"
    xsi:schemaLocation="http://www.loc.gov/MARC21/slim http://www.loc.gov/standards/marcxml/schema/MARC21slim.xsd"
    xmlns="http://www.loc.gov/MARC21/slim">

  <leader>02631aam a2200409 i 4500</leader>
  <controlfield tag="001">1161660</controlfield>
  <controlfield tag="003">CO-MdUADB</controlfield>
  <controlfield tag="005">20260507134604.0</controlfield>
  <controlfield tag="007">ta</controlfield>
  <controlfield tag="008">090813s1993    mx     gr       0   spa d</controlfield>
  <datafield tag="020" ind1=" " ind2=" ">
    <subfield code="a">9789682318993</subfield>
    <subfield code="q">ISBN-13</subfield>
  </datafield>
  <datafield tag="020" ind1=" " ind2=" ">
    <subfield code="a">9682318998</subfield>
    <subfield code="q">ISBN-10</subfield>
  </datafield>
  <datafield tag="035" ind1=" " ind2=" ">
    <subfield code="a">1161660</subfield>
  </datafield>
  <datafield tag="035" ind1=" " ind2=" ">
    <subfield code="a">(OCoLC)777277015</subfield>
  </datafield>
  <datafield tag="040" ind1=" " ind2=" ">
    <subfield code="a">CO-MdUADB</subfield>
    <subfield code="b">spa</subfield>
    <subfield code="c">CO-MdUADB</subfield>
    <subfield code="d">rda</subfield>
  </datafield>
  <datafield tag="041" ind1="1" ind2=" ">
    <subfield code="a">spa</subfield>
    <subfield code="h">por</subfield>
  </datafield>
  <datafield tag="080" ind1=" " ind2=" ">
    <subfield code="a">LB</subfield>
  </datafield>
  <datafield tag="082" ind1="7" ind2="4">
    <subfield code="a">370</subfield>
  </datafield>
  <datafield tag="100" ind1="1" ind2=" ">
    <subfield code="a">Freire, Paulo,</subfield>
    <subfield code="d">1921-1997</subfield>
    <subfield code="4">aut</subfield>
    <subfield code="0">(isni)0000000121431625</subfield>
    <subfield code="0">(viaf)90070192</subfield>
    <subfield code="e">aut</subfield>
    <subfield code="9">492848</subfield>
  </datafield>
  <datafield tag="245" ind1="1" ind2="0">
    <subfield code="a">Pedagog&#xED;a de la esperanza</subfield>
  </datafield>
  <datafield tag="250" ind1=" " ind2=" ">
    <subfield code="a">1. edici&#xF3;n</subfield>
  </datafield>
  <datafield tag="264" ind1=" " ind2="1">
    <subfield code="a">M&#xE9;xico :</subfield>
    <subfield code="b">Siglo XXI Editores,</subfield>
    <subfield code="c">1993.</subfield>
  </datafield>
  <datafield tag="300" ind1=" " ind2=" ">
    <subfield code="a">226 p&#xE1;ginas</subfield>
  </datafield>
  <datafield tag="336" ind1=" " ind2=" ">
    <subfield code="2">rdacontent</subfield>
    <subfield code="a">texto</subfield>
    <subfield code="b">txt</subfield>
  </datafield>
  <datafield tag="337" ind1=" " ind2=" ">
    <subfield code="a">no mediado</subfield>
  </datafield>
  <datafield tag="338" ind1=" " ind2=" ">
    <subfield code="a">volumen</subfield>
  </datafield>
  <datafield tag="490" ind1="1" ind2=" ">
    <subfield code="a">Colecci&#xF3;n Educaci&#xF3;n</subfield>
  </datafield>
  <datafield tag="500" ind1=" " ind2=" ">
    <subfield code="a">GENERAL: Incluye notas de Ana Mar&#xED;a Araujo Freire</subfield>
  </datafield>
  <datafield tag="520" ind1="3" ind2=" ">
    <subfield code="a">La obra sintetiza los grandes temas gestados al fragor de las luchas sociales que convulsionaron a Am&#xE9;rica Latina y a los pueblos del tercer mundo, y provocaron las reflexiones, formuladas al ritmo de esas luchas, sobre la necesidad de sobrevivir, generando, para ayer y para hoy, tanto, la posibilidad de vencer el embotamiento de la opresi&#xF3;n y hacer brotar las energ&#xED;as de la esperanza, cuanto la de producir una "pedagog&#xED;a de la esperanza" surgida de la "pedagog&#xED;a del oprimido". 

El libro profundiza la historia y los hechos para mostrar las condiciones que dieron forma al pensamiento, descubre las tramas que envolvieron vida, ideas y procesos sociales, muestra la tragedia de las discriminaciones, la extensi&#xF3;n de las opresiones y el drama de los que lucharon. La obra es tambi&#xE9;n una prueba de vigor de parte de una generaci&#xF3;n en la cual la opresi&#xF3;n no prosper&#xF3;, permiti&#xE9;ndole extraer de las vicisitudes y de las persecuciones el constante coraje para trabajar en la transformaci&#xF3;n social. 

Los recuerdos de "pedagog&#xED;a del oprimido" se transformaron en la denuncia de la cantidad de m&#xE1;scaras que la opresi&#xF3;n usa y recupera a lo largo de estos veinte a&#xF1;os, el esfuerzo silencioso y generoso de muchos que en todo el mundo, no permiten que la esperanza muera.
</subfield>
  </datafield>
  <datafield tag="650" ind1=" " ind2="7">
    <subfield code="a">Educaci&#xF3;n popular</subfield>
    <subfield code="2">embne</subfield>
    <subfield code="9">1709</subfield>
  </datafield>
  <datafield tag="650" ind1=" " ind2="7">
    <subfield code="a">Sociolog&#xED;a de la educaci&#xF3;n</subfield>
    <subfield code="2">embne</subfield>
    <subfield code="9">137011</subfield>
  </datafield>
  <datafield tag="650" ind1=" " ind2="7">
    <subfield code="a">Filosof&#xED;a de la educaci&#xF3;n</subfield>
    <subfield code="2">lemb</subfield>
    <subfield code="9">39310</subfield>
  </datafield>
  <datafield tag="700" ind1="1" ind2=" ">
    <subfield code="a">Mastrangelo, Stella</subfield>
    <subfield code="4">trl</subfield>
    <subfield code="0">(isni)0000000112357080</subfield>
    <subfield code="0">(viaf)163691159</subfield>
    <subfield code="e">trl</subfield>
    <subfield code="9">797976</subfield>
  </datafield>
  <datafield tag="700" ind1="1" ind2=" ">
    <subfield code="a">Nu&#xF1;ez Hurtado, Carlos</subfield>
    <subfield code="4">aui</subfield>
    <subfield code="e">aui</subfield>
    <subfield code="9">559369</subfield>
  </datafield>
  <datafield tag="830" ind1=" " ind2="0">
    <subfield code="9">856418</subfield>
    <subfield code="a">Colecci&#xF3;n Educaci&#xF3;n (Siglo XXI Editores)</subfield>
  </datafield>
  <datafield tag="942" ind1=" " ind2=" ">
    <subfield code="c">BOOK</subfield>
    <subfield code="2">ddc</subfield>
  </datafield>
  <datafield tag="999" ind1=" " ind2=" ">
    <subfield code="c">521164</subfield>
    <subfield code="d">521164</subfield>
  </datafield>
  <datafield tag="952" ind1=" " ind2=" ">
    <subfield code="0">0</subfield>
    <subfield code="1">0</subfield>
    <subfield code="2">ddc</subfield>
    <subfield code="4">0</subfield>
    <subfield code="7">0</subfield>
    <subfield code="8">GEN</subfield>
    <subfield code="a">BC</subfield>
    <subfield code="b">BC</subfield>
    <subfield code="d">2009-08-13</subfield>
    <subfield code="e">Siglo del Hombre Editores</subfield>
    <subfield code="g">44500.00</subfield>
    <subfield code="i">C1061720</subfield>
    <subfield code="l">8</subfield>
    <subfield code="o">301.157 F866e 2007</subfield>
    <subfield code="p">01001536</subfield>
    <subfield code="r">2026-04-23 16:32:03</subfield>
    <subfield code="s">2025-09-26</subfield>
    <subfield code="t">1</subfield>
    <subfield code="w">2023-04-29</subfield>
    <subfield code="y">BOOK</subfield>
  </datafield>
  <datafield tag="952" ind1=" " ind2=" ">
    <subfield code="0">0</subfield>
    <subfield code="1">0</subfield>
    <subfield code="4">0</subfield>
    <subfield code="7">0</subfield>
    <subfield code="8">GENERAL</subfield>
    <subfield code="a">CEDEA</subfield>
    <subfield code="b">CEDEA</subfield>
    <subfield code="d">2011-10-27</subfield>
    <subfield code="e">Cooprudea</subfield>
    <subfield code="g">54100.00</subfield>
    <subfield code="i">C1129552</subfield>
    <subfield code="l">0</subfield>
    <subfield code="o">LB880/F73 2009</subfield>
    <subfield code="p">0781236</subfield>
    <subfield code="r">2023-04-29 00:00:00</subfield>
    <subfield code="t">1</subfield>
    <subfield code="w">2023-04-29</subfield>
    <subfield code="y">BOOK</subfield>
  </datafield>
  <datafield tag="952" ind1=" " ind2=" ">
    <subfield code="0">0</subfield>
    <subfield code="1">0</subfield>
    <subfield code="4">0</subfield>
    <subfield code="7">0</subfield>
    <subfield code="8">GENERAL</subfield>
    <subfield code="a">B_N</subfield>
    <subfield code="b">B_N</subfield>
    <subfield code="d">2011-12-07</subfield>
    <subfield code="e">Universidad Eafit</subfield>
    <subfield code="g">54100.00</subfield>
    <subfield code="i">C1132985</subfield>
    <subfield code="l">0</subfield>
    <subfield code="o">301.157 F866e 2007</subfield>
    <subfield code="p">803381</subfield>
    <subfield code="r">2023-04-29 00:00:00</subfield>
    <subfield code="t">2</subfield>
    <subfield code="w">2023-04-29</subfield>
    <subfield code="y">BOOK</subfield>
  </datafield>
</record>
